000 00265nam a2200085Ia 4500
008 220120s9999||||xx |||||||||||||| ||und||
100 _aSubramanya Naik
_912174
245 0 _aCellphone based garage door controll
260 _aCoorg Institute of Technology
_bPonnampet
_c2009
999 _c137760
_d137760